Statistics for Boston Celtics Starting 5 2023-2024

Click here to take the quiz!

General Stats

  • This quiz has been taken 29 times
  • The average score is 5 of 5

Answer Stats

HintAnswer% Correct
7Jaylen Brown
100%
0Jayson Tatum
100%
9Derrick White
93%
4Jrue Holiday
85%
8Kristaps Porzingis
81%

Score Distribution

Percentile by Number Answered

Percent of People with Each Score

Your Score History

You have not taken this quiz